00536nam a2200205 a 4500001001300000003000900013005001700022008004100039020001000080082001300090100001900103245005100122260004000173300000800213500003500221505001000256650002000266650002500286700001900311nice12345678IN_TiNIC20260116011827.0050524s1967 hyda grp 000 0 eng  ac10000a370bDES aDeshpande, L B aRole of the University in National Integration aHyderabadbOsmania Universityc1967 a31p aincludes index and biblioraphy2 aIndex aEducation-India aNational Integration1 aDeshpande, L B